| 000 | 00930cam a2200265 a 4500 | ||
|---|---|---|---|
| 999 |
_c2680 _d2680 |
||
| 001 | 13026540 | ||
| 003 | GBCCL | ||
| 005 | 20241126110436.0 | ||
| 008 | 021210r20031993miu 000 0 eng | ||
| 010 | _a 2002041520 | ||
| 020 | _a1852401338 | ||
| 040 |
_aDLC _cDLC _dDLC |
||
| 050 | 0 | 0 |
_aBV4509.5 _b.S25 2003 |
| 082 | 0 | 0 |
_a248.4 _221 _bSAM |
| 100 | 1 |
_aSampson, Steve, _d1948- _95645 |
|
| 245 | 1 | 0 |
_aYou can hear the voice of God / _cSteve Sampson. |
| 260 |
_aEngland : _bSovereign world, _c1993. |
||
| 300 |
_a127 p. ; _c22 cm. |
||
| 500 | _aOriginally published: Tonbridge Kent, England : Sovereign World Ltd., c1993. | ||
| 650 | 0 |
_aSpiritual life _xChristianity. _9549 |
|
| 650 | 0 |
_aHearing _xReligious aspects _xChristianity. _95646 |
|
| 906 |
_a7 _bcbc _corignew _d1 _eocip _f20 _gy-gencatlg |
||
| 942 |
_2ddc _cBK _01 |
||